000
00266nam a2200121Ia 4500
008
191201s2009 xx 000 0 und d
100
_a
ALLAKKA, N D
245
0
_a
Peer Management
260
_a
Chennai
_b
MJP
_c
2009
300
_a
230
650
_a
MBA
942
_2
ddc
_c
BK
999
_c
4376
_d
4376